These infinite threads / (Record no. 9636)

MARC details
000 -LEADER
fixed length control field 00928nam a22002417a 4500
001 - CONTROL NUMBER
control field 9636
003 - CONTROL NUMBER IDENTIFIER
control field FISKH
005 - DATE AND TIME OF LATEST TRANSACTION
control field 20260127095804.0
008 - FIXED-LENGTH DATA ELEMENTS--GENERAL INFORMATION
fixed length control field 260127b cb ||||| |||| 00| 0 eng d
020 ## - INTERNATIONAL STANDARD BOOK NUMBER
International Standard Book Number 9780008529529
040 ## - CATALOGING SOURCE
Original cataloging agency FISKH
Language of cataloging eng
Transcribing agency FISKH
Modifying agency FISKH
050 ## - LIBRARY OF CONGRESS CALL NUMBER
Classification number PZ7 .M2695 .T
082 ## - DEWEY DECIMAL CLASSIFICATION NUMBER
Classification number 813.00
100 ## - MAIN ENTRY--PERSONAL NAME
Personal name Mafi, Tahereh
245 ## - TITLE STATEMENT
Title These infinite threads /
Statement of responsibility, etc. Tahereh Mafi
260 ## - PUBLICATION, DISTRIBUTION, ETC.
Place of publication, distribution, etc. London :
Name of publisher, distributor, etc. Electric Monkey,
Date of publication, distribution, etc. 2023.
300 ## - PHYSICAL DESCRIPTION
Extent 402 pages :
Dimensions 20 cm
490 ## - SERIES STATEMENT
Series statement This Woven Kingdom :
Volume/sequential designation Book two
520 ## - SUMMARY, ETC.
Summary, etc. "The heir to the human throne, Kamran falls in love with Alizeh, heir to the Jinn throne, who fulfills a long-foretold prophecy as being destined to free her people, a discovery that causes Kamran to question everything he's been taught about the Jinn and their future in his kingdom"--
650 ## - SUBJECT ADDED ENTRY--TOPICAL TERM
Topical term or geographic name entry element Fantasy
Form subdivision High Fantasy
General subdivision Persian Mythology
942 ## - ADDED ENTRY ELEMENTS (KOHA)
Source of classification or shelving scheme Dewey Decimal Classification
Koha item type Books
Suppress in OPAC No
Holdings
Withdrawn status Lost status Source of classification or shelving scheme Damaged status Not for loan Collection Home library Current library Shelving location Date acquired Total Checkouts Full call number Barcode Date last seen Copy number Price effective from Koha item type
    Dewey Decimal Classification     Fiction Footprints International School Library Network Toul Kork Campus Footprints International School Library Network Toul Kork Campus A TK Campus, 4th Floor, Room B401, Fiction Bookcases (1-6) 01/27/2026   MAF 813.00 PZ7 .M2695 .T 2026-0152 01/27/2026 1 01/27/2026 Books